000 00393nam a22001697a 4500
003 OSt
005 20220128105515.0
008 220128b |||||||| |||| 00| 0 eng d
020 _a0471127930
040 _cHU
082 _a621.36
100 _aKhoo Lam-Choon
_929010
245 _aNovel Optical Materials And Applications
260 _aUSA
_bUSA
300 _f337
942 _2ddc
_cBOOKS
_n0
999 _c28331
_d28331